|
|
|
|
| LEADER |
00601cam a2200193ua 4500 |
| 020 |
|
|
|a 81-7141-923-2
|
| 082 |
|
|
|a 305.26
|b BEH/A
|
| 100 |
|
|
|a Behura,N. K.
|
| 245 |
1 |
2 |
|a Aged in changing social system their problems /
|
| 250 |
|
|
|a 1st ed.
|
| 260 |
|
|
|a New Delhi:
|b Discovery,
|c 2005.
|
| 300 |
|
|
|a 209p..
|
| 500 |
|
|
|a Includes index.
|
| 650 |
|
|
|a Sociology
|
| 650 |
0 |
|
|a Social problems-aged people
|
| 700 |
0 |
2 |
|a Mohanty,, R. P.
|
| 942 |
|
|
|c BK
|
| 999 |
|
|
|c 14440
|d 14440
|
| 952 |
|
|
|0 0
|1 0
|4 0
|6 305_260000000000000_BEH
|7 0
|9 15053
|a KUCL
|b KUCL
|d 2014-05-23
|l 1
|o 305.26 BEH/
|p 16810
|r 2018-10-03
|s 2018-09-11
|w 2014-05-23
|y BK
|